Beyond Equilibrium Thermodynamics

Đã lưu trong:
Bibliografiske detaljer
Hovedforfatter: Ottinger, Hans Christian
Format: Bog
Sprog:Undetermined
Udgivet: New Jersey John Wiley & Sons, Inc 2005
Fag:
Tags: Tilføj Tag
Ingen Tags, Vær først til at tagge denne postø!
Thư viện lưu trữ: Trung tâm Học liệu Trường Đại học Cần Thơ
LEADER 00544nam a2200193Ia 4500
001 CTU_93271
008 210402s9999 xx 000 0 und d
020 |c 106.65 
082 |a 536.71 
082 |b O.89 
100 |a Ottinger, Hans Christian 
245 0 |a Beyond Equilibrium Thermodynamics 
245 0 |c Hans Christian Ottinger 
260 |a New Jersey 
260 |b John Wiley & Sons, Inc 
260 |c 2005 
650 |a Nonequilibrium thermodynamics 
904 |i Trúc,Hải 
980 |a Trung tâm Học liệu Trường Đại học Cần Thơ